000
00232nam a22001097a 4500
082
_a
621 HUN'M
100
_a
HUNT, K. H
_9
78036
245
_a
MACHANISM AND MOTION
260
_a
LONDON
_b
EUP
_c
1959
300
_a
114P
_b
21
942
_c
BK
999
_c
583194
_d
583194